000 00564nam a2200205Ii 4500
003 JO-AjNU
008 230606s9999||||xx |||||||||||||| ||und||
020 _a81-239-1232-3
040 _aJO-AjNU
_beng
_erda
_cJO-AjNU
041 _aeng
050 1 4 _aQC21.3.2005
100 3 _aL.A Sathish,
_eauthor
_95105
245 0 0 _aproblems and Solutions in Engineering Physics
264 3 1 _aNew Delhi:CBC,2005
300 _a266p
336 _atext
_btxt
_2rdacontent
337 _aunmediated
_bn
_2rdamedia
338 _avolume
_bnc
_2rdacarrier
650 4 _aphysics
_95106
999 _aE2640
_c2638
_d2638